000
00284nam a2200121Ia 4500
008
190216s9999||||xx |||||||||||||| ||und||
100
_a
Chesterton
245
4
_a
The Incredulity Of Father Brown
260
_b
Penguin Books
_c
1970
300
_a
191p
650
_a
Speeches
942
_c
BK
999
_c
12297
_d
12297